La gestin̤ social en las organizaciones y su aporte a los colectivos humanos Una perspectiva desde estudios de caso comparados /

Detalles Bibliográficos
Autor principal: Pardo Martn̕ez, Luz Patricia
Otros Autores: Huertas de Mora, Mara̕ Victoria
Formato: eBook
Lenguaje:español
Publicado: Bogot:̀ Ediciones Universidad Cooperativa de Colombia, 2018
Materias:
Acceso en línea:Acceso restringido

MARC

LEADER 00000nam a22000007a 4500
005 20191015230953.0
007 cr|||| ||||
008 191015s2018 co |||||s|||| 00||0 spa d
020 |a 978-958-760-089-6 
035 |a 30543 
040 |a vLex 
090 |c 9840  |d 9840 
100 1 |a Pardo Martn̕ez, Luz Patricia 
245 1 2 |a La gestin̤ social en las organizaciones y su aporte a los colectivos humanos  |h [Recurso electrn̤ico] :  |b Una perspectiva desde estudios de caso comparados /  |c Luz Patricia Pardo Martn̕ez, Mara̕ Victoria Huertas de Mora 
256 |a Servicio en ln̕ea 
260 |a Bogot:̀  |b Ediciones Universidad Cooperativa de Colombia,  |c 2018 
300 |a 1 recurso electrn̤ico 
506 1 |a Disponible solo en los productos indicados  |d vLex Global  |d vLex Global (Academic Edition, excluding Law Schools)  |d vLex Global (U.S. Academic Edition, Law Schools)  |d vLex Global (U.S. Academic Edition, excluding Law Schools)  |d vLex Global (Academic Edition, Law Schools) 
650 0 4 |a Derecho Pb︢lico y Administrativo  |z Colombia 
700 1 |a Huertas de Mora, Mara̕ Victoria 
740 0 |a vLex Libros (Servicio en ln̕ea) 
856 4 0 |u http://vlex.com/source/gestion-social-organizaciones-aporte-colectivos-humanos-perspectiva-estudios-caso-comparados-30543  |z Acceso restringido 
942 |c BOOK 
999 0 |a Public and Administrative Law